Most visited Websites worldwide - Statistics

General Stats
  • This quiz has been taken 18 times
  • The average score is 7 of 16
Answer Stats
Answer % Correct
Google
100%
Facebook
94%
Twitter
82%
Instagram
71%
Amazon
65%
Yahoo
65%
YouTube
59%
Reddit
41%
Wikipedia
29%
Baidu
24%
Qq
12%
Live
6%
Taobao
6%
Tmall
6%
Jd
0%
Sohu
0%
No matching quizzes found
Score Distribution
Percent of People with Each Score
Percentile by Number Answered
Your Score History
You have not taken this quiz